| 000 | 01527nam a2200337Ia 4500 | ||
|---|---|---|---|
| 001 | ebr10053004 | ||
| 003 | CaPaEBR | ||
| 006 | m u | ||
| 007 | cr cn||||||||| | ||
| 008 | 000104s2000 maua sb 101 0 eng d | ||
| 015 | _aGBA0-2225 | ||
| 020 | _z0792377222 | ||
| 040 |
_aCaPaEBR _cCaPaEBR |
||
| 035 | _a(OCoLC)70771861 | ||
| 050 | 1 | 4 |
_aTK5103.2 _b.C57 2000eb |
| 082 | 0 | 4 |
_a621.382 _221 |
| 245 | 0 | 0 |
_aCircuits and systems for wireless communications _h[electronic resource] / _cedited by Markus Helfenstein and George S. Moschytz. |
| 260 |
_aBoston ; _aLondon : _bKluwer Academic, _cc2000. |
||
| 300 |
_axvi, 387 p. : _bill. |
||
| 500 | _aContains revised contributions by the speakers at the 1st IEEE Workshop on Wireless Communication Circuits and Systems, Lucerne, Switzerland, 1998. | ||
| 504 | _aIncludes bibliographical references and index. | ||
| 533 |
_aElectronic reproduction. _bPalo Alto, Calif. : _cebrary, _d2009. _nAvailable via World Wide Web. _nAccess may be limited to ebrary affiliated libraries. |
||
| 650 | 0 |
_aWireless communication systems _vCongresses. |
|
| 650 | 0 |
_aRadio circuits _vCongresses. |
|
| 655 | 7 |
_aElectronic books. _2local |
|
| 700 | 1 | _aHelfenstein, Markus. | |
| 700 | 1 | _aMoschytz, George S. | |
| 710 | 2 | _aebrary, Inc. | |
| 711 | 2 |
_aIEEE Workshop on Wireless-Communication Circuits and Systems _n(1st : _d1998 : _cLucerne, Switzerland) |
|
| 856 | 4 | 0 |
_uhttp://site.ebrary.com/lib/rucke/Doc?id=10053004 _zAn electronic book accessible through the World Wide Web; click to view |
| 999 |
_c65144 _d65144 |
||